000 00473nam a2200193Ia 4500
008 210210b2007 xxu||||| |||| 00| 0 eng d
020 _a8131100243
041 _aeng
082 _a001.51 PRAI
100 _aPRABHAKAR (Naval)
245 _aInternational communication
260 _aNew Delhi
_bCommonwealth
_c2007
300 _a303
650 _aInternational
650 _acommunication
690 _aCommunication
700 _aBASU (Narendra)
906 _a063040
999 _c131682
_d131682